| 000 | 00681nam a2200193 a 4500 | ||
|---|---|---|---|
| 005 | 20140412111333.0 | ||
| 008 | 050418s19uu xx 00 eng d | ||
| 020 | _a0-06-023397-4 | ||
| 050 |
_aBB _bHa211 1949 |
||
| 100 | _aKrauss, Ruth | ||
| 245 |
_aThe happy day / _cby Ruth Krauss ; pictures by Marc Simont. |
||
| 260 |
_aNew York : _bHarperCollins. |
||
| 300 | _a1 v. (unp.) ; ill. | ||
| 500 | _aA Caldecott Honor book | ||
| 520 | _aSnow is falling. All the animals are fast asleep in their animals homes. They awake. They open their eyes. They sniff. They run. What will they find? | ||
| 650 |
_aAnimals _xFiction |
||
| 650 | _aChildren stories | ||
| 999 |
_c104979 _d104979 |
||